[Event "Troll Masters"]
[Site "Gausdal"]
[Date "2000.01.12"]
[Round "5"]
[White "Lie, Kjetil A"]
[Black "Leskiewicz, Maksymilian"]
[Result "1/2-1/2"]
[WhiteElo "2206"]
[BlackElo "2206"]
[PlyCount "117"]
[EventDate "2000.01.10"]
[EventType "swiss"]
[EventRounds "9"]
[EventCountry "NOR"]
[SourceTitle "CBM 074 Extra"]
[Source "ChessBase"]
[SourceDate "2000.03.10"]
[SourceVersion "2"]
[SourceVersionDate "2000.03.10"]
[SourceQuality "1"]

1. e4 c5 2. Nf3 e6 3. d4 cxd4 4. Nxd4 Qb6 5. Nb3 Qc7 6. Bd3 a6 7. 0-0 Nf6 8. Nc3 b5 9. Be3 Bb7 10. f4 d6 11. a3 Nbd7 12. Qe2 Be7 13. Rad1 0-0 14. g4 Rac8 15. g5 Ne8 16. Rf3 g6 17. Rh3 Ng7 18. f5 exf5 19. exf5 Rfe8 20. f6 Nxf6 21. gxf6 Bxf6 22. Rf1 Qd7 23. Rhf3 Qg4+ 24. Rg3 Qxe2 25. Nxe2 Bxb2 26. Bc1 Be5 27. Rh3 Rc7 28. Bf4 Ne6 29. Be3 f5 30. Nf4 Ng5 31. Rg3 Ne4 32. Bxe4 Bxe4 33. Nd4 Rc3 34. Nfe2 Rxa3 35. Bf4 b4 36. Rxa3 bxa3 37. Ra1 Bxc2 38. Rxa3 Rc8 39. Kf2 Rc4 40. Bxe5 dxe5 41. Nf3 e4 42. Nfd4 Ba4 43. Ke3 Kf7 44. Nc3 Bd7 45. Nd5 Rc5 46. Nb4 a5 47. Na6 Rd5 48. Nb8 Ke7 49. Rb3 a4 50. Rb7 Kd8 51. Ra7 Kc8 52. Nxd7 Rxd7 53. Rxa4 Kb7 54. Rc4 Kb6 55. Rc8 Ra7 56. Rc6+ Ka5 57. Rf6 Rc7 58. Nxf5 gxf5 59. Rxf5+ 1/2-1/2

[Event "Groningen op"]
[Site "Groningen"]
[Date "1999.12.20"]
[Round "2"]
[White "Kamstra, Cor"]
[Black "Leskiewicz, Maksymilian"]
[Result "1-0"]
[WhiteElo "2295"]
[BlackElo "2206"]
[PlyCount "65"]
[EventDate "1999.12.19"]
[EventType "swiss"]
[EventRounds "11"]
[EventCountry "NED"]
[SourceTitle "CBM 073 Extra"]
[Source "ChessBase"]
[SourceDate "2000.01.11"]
[SourceVersion "1"]
[SourceVersionDate "2000.01.11"]
[SourceQuality "1"]

1. e4 c5 2. d3 Nc6 3. g3 d5 4. Nd2 Nf6 5. Bg2 e5 6. Ne2 Be7 7. 0-0 0-0 8. h3 Rb8 9. f4 dxe4 10. dxe4 b5 11. a3 c4 12. Kh2 Bc5 13. Nc3 exf4 14. gxf4 h5 15. Nf3 Nd4 16. Ng5 Rb6 17. e5 Ng4+ 18. hxg4 hxg4 19. Be4 Rh6+ 20. Kg2 f6 21. exf6 g3 22. Bd5+ Qxd5+ 23. Nxd5 Bb7 24. f7+ Kh8 25. Kxg3 Bxd5 26. c3 Nf5+ 27. Kg4 Ne7 28. f5 Bg2 29. Bf4 Nd5 30. Kg3 Be3 31. Kxg2 Nxf4+ 32. Rxf4 Bxf4 33. Ne6 1-0

[Event "Wichern op 5th"]
[Site "Hamburg"]
[Date "1999.10.19"]
[Round "6.62"]
[White "Leskiewicz, Maksymilian"]
[Black "Kurth, Michael"]
[Result "1-0"]
[WhiteElo "2206"]
[BlackElo "1975"]
[PlyCount "73"]
[EventDate "1999.10.15"]
[EventType "swiss"]
[EventRounds "9"]
[EventCountry "GER"]
[SourceTitle "EXT 2001"]
[Source "ChessBase"]
[SourceDate "2000.11.22"]
[SourceVersion "1"]
[SourceVersionDate "2000.11.22"]
[SourceQuality "1"]

1. d4 Nf6 2. c4 e5 3. dxe5 Ne4 4. a3 Nc6 5. Nf3 d6 6. exd6 Bxd6 7. Nbd2 Bf5 8. e3 Nc5 9. b4 Nd3+ 10. Bxd3 Bxd3 11. Bb2 0-0 12. Qb3 Bg6 13. b5 Na5 14. Qc3 Qf6 15. Qxf6 gxf6 16. Ke2 Be7 17. Bc3 b6 18. Bxa5 bxa5 19. Nd4 Bc5 20. N2b3 Bb6 21. a4 c5 22. bxc6 Rab8 23. Ra3 a6 24. Kd2 Rfd8 25. Kc3 Kf8 26. h4 h5 27. f3 Re8 28. Re1 Bc7 29. Nc5 Bd6 30. Nd7+ Ke7 31. c5 Bg3 32. Rc1 Rb1 33. Rxb1 Bxb1 34. Rb3 Bg6 35. Rb7 Kd8 36. Kd2 Bxh4 37. Nb6 1-0

[Event "Wichern op 5th"]
[Site "Hamburg"]
[Date "1999.10.18"]
[Round "5.69"]
[White "Zschischang, Marine"]
[Black "Leskiewicz, Maksymilian"]
[Result "0-1"]
[WhiteElo "2031"]
[BlackElo "2206"]
[PlyCount "52"]
[EventDate "1999.10.15"]
[EventType "swiss"]
[EventRounds "9"]
[EventCountry "GER"]
[SourceTitle "EXT 2001"]
[Source "ChessBase"]
[SourceDate "2000.11.22"]
[SourceVersion "1"]
[SourceVersionDate "2000.11.22"]
[SourceQuality "1"]

1. d4 d5 2. c4 c6 3. cxd5 cxd5 4. Nc3 Nc6 5. Nf3 Nf6 6. Bf4 Ne4 7. Ne5 Nxc3 8. Nxc6 Nxd1 9. Nxd8 Nxb2 10. Nxb7 e5 11. Bd2 Bxb7 12. Rb1 Ba3 13. Bc3 Bc6 14. Rxb2 Bxb2 15. Bxb2 Rb8 16. Bc3 e4 17. g3 0-0 18. Kd2 Rb1 19. Bg2 Rfb8 20. Rxb1 Rxb1 21. h4 Bd7 22. Ke3 Rg1 23. Bxe4 dxe4 24. Kxe4 Rc1 25. Kd3 Bf5+ 26. Kc4 Rc2 0-1

[Event "Wichern op 5th"]
[Site "Hamburg"]
[Date "1999.10.16"]
[Round "2.21"]
[White "Leskiewicz, Maksymilian"]
[Black "Gelashvili, Tamaz"]
[Result "0-1"]
[WhiteElo "2206"]
[BlackElo "2531"]
[PlyCount "64"]
[EventDate "1999.10.15"]
[EventType "swiss"]
[EventRounds "9"]
[EventCountry "GER"]
[SourceTitle "EXT 2001"]
[Source "ChessBase"]
[SourceDate "2000.11.22"]
[SourceVersion "1"]
[SourceVersionDate "2000.11.22"]
[SourceQuality "1"]

1. e4 d5 2. exd5 Qxd5 3. Nc3 Qa5 4. d4 c6 5. Nf3 Nf6 6. Bd2 Bg4 7. h3 Bh5 8. Bd3 Nbd7 9. Qe2 e6 10. 0-0 Bb4 11. Rfe1 0-0 12. a3 Bxc3 13. Bxc3 Qc7 14. Bd2 c5 15. dxc5 Nxc5 16. Qe5 Rfc8 17. Qxc7 Rxc7 18. Bf4 Rcc8 19. Be2 Na4 20. Nd4 Bxe2 21. Rxe2 Nxb2 22. Rb1 Nc4 23. Rxb7 Nxa3 24. g4 a5 25. Be5 Ne8 26. g5 Nc4 27. f4 a4 28. f5 a3 29. fxe6 fxe6 30. Nxe6 Nxe5 31. Rf2 Nd6 32. Rxg7+ Kh8 0-1

[Event "Wichern op 5th"]
[Site "Hamburg"]
[Date "1999.10.15"]
[Round "1"]
[White "Schuettler, Thomas"]
[Black "Leskiewicz, Maksymilian"]
[Result "0-1"]
[WhiteElo "1794"]
[BlackElo "2206"]
[PlyCount "50"]
[EventDate "1999.10.15"]
[EventType "swiss"]
[EventRounds "9"]
[EventCountry "GER"]
[SourceTitle "EXT 2001"]
[Source "ChessBase"]
[SourceDate "2000.11.22"]
[SourceVersion "1"]
[SourceVersionDate "2000.11.22"]
[SourceQuality "1"]

1. d4 d5 2. Nf3 c6 3. c4 e6 4. Nc3 dxc4 5. e3 b5 6. a4 Bb4 7. Bd2 a5 8. axb5 Bxc3 9. Bxc3 cxb5 10. b3 Bb7 11. bxc4 b4 12. Bb2 Nf6 13. d5 exd5 14. cxd5 Qxd5 15. Bxf6 Qxd1+ 16. Rxd1 gxf6 17. Nd4 0-0 18. Bb5 Na6 19. 0-0 Nc7 20. Ba4 Nd5 21. Nf5 Nc3 22. Rd7 Ba6 23. Bc6 Rad8 24. Nh6+ Kg7 25. Nf5+ Kh8 0-1

[Event "Wch U20"]
[Site "Yerevan"]
[Date "1999.09.30"]
[Round "13"]
[White "Leskiewicz, Maksymilian"]
[Black "Aschenbrenner, Robert"]
[Result "1-0"]
[WhiteElo "2206"]
[BlackElo "2160"]
[PlyCount "61"]
[EventDate "1999.09.18"]
[EventType "swiss"]
[EventRounds "13"]
[EventCountry "ARM"]
[SourceTitle "CBM 072 Extra"]
[Source "ChessBase"]
[SourceDate "1999.11.18"]
[SourceVersion "1"]
[SourceVersionDate "1999.11.18"]
[SourceQuality "1"]

1. d4 Nf6 2. Nf3 e6 3. c4 d5 4. Nc3 c6 5. Bg5 dxc4 6. e4 b5 7. e5 h6 8. Bh4 g5 9. Nxg5 hxg5 10. Bxg5 Nbd7 11. exf6 Bb7 12. g3 c5 13. d5 Nxf6 14. Bg2 Be7 15. 0-0 Nxd5 16. Bxe7 Kxe7 17. Qe1 Nxc3 18. Bxb7 Rb8 19. Bg2 Na4 20. Rd1 Qc7 21. Qd2 Qe5 22. Rfe1 Qh5 23. Qd6+ Kf6 24. Rd5 Qxh2+ 25. Kf1 Qh6 26. Rf5+ Kg7 27. Qe5+ f6 28. Qxe6 Rhf8 29. Rf4 Rfe8 30. Rg4+ Kh8 31. Qxe8+ 1-0

[Event "Wch U20"]
[Site "Yerevan"]
[Date "1999.09.29"]
[Round "12"]
[White "Petrosian, Davit Gevorgi"]
[Black "Leskiewicz, Maksymilian"]
[Result "1/2-1/2"]
[WhiteElo "2309"]
[BlackElo "2206"]
[PlyCount "96"]
[EventDate "1999.09.18"]
[EventType "swiss"]
[EventRounds "13"]
[EventCountry "ARM"]
[SourceTitle "CBM 072 Extra"]
[Source "ChessBase"]
[SourceDate "1999.11.18"]
[SourceVersion "1"]
[SourceVersionDate "1999.11.18"]
[SourceQuality "1"]

1. e4 c5 2. Nf3 d6 3. d4 cxd4 4. Nxd4 Nf6 5. Nc3 a6 6. Bc4 e6 7. Bb3 b5 8. Qe2 Be7 9. Be3 0-0 10. 0-0-0 b4 11. Na4 Bd7 12. e5 dxe5 13. Nf3 Qe8 14. Nb6 Bb5 15. Bc4 Ra7 16. Nxe5 Nc6 17. f4 Nxe5 18. fxe5 Ne4 19. Qf3 Qc6 20. Rd4 Bc5 21. Rxe4 Qxb6 22. Bd3 Bxd3 23. cxd3 Rd7 24. Kb1 Bxe3 25. Qxe3 Qb5 26. Rd4 Rc7 27. b3 Rc5 28. Re1 a5 29. Rc4 Rd5 30. d4 a4 31. Rec1 h6 32. bxa4 Qxa4 33. Qb3 Qxb3+ 34. axb3 Rfd8 35. Rxb4 Rxd4 36. Rxd4 Rxd4 37. Kb2 Re4 38. Ka3 Rxe5 39. b4 Kf8 40. Ka4 Ke8 41. Rc2 Kd8 42. b5 Re1 43. b6 Rb1 44. Ka5 e5 45. Ka6 Ra1+ 46. Kb5 Rb1+ 47. Ka6 Ra1+ 48. Kb5 Rb1+ 1/2-1/2

[Event "Wch U20"]
[Site "Yerevan"]
[Date "1999.09.24"]
[Round "7"]
[White "Leskiewicz, Maksymilian"]
[Black "Khamrakulov, Ibragim S"]
[Result "0-1"]
[WhiteElo "2206"]
[BlackElo "2383"]
[PlyCount "54"]
[EventDate "1999.09.18"]
[EventType "swiss"]
[EventRounds "13"]
[EventCountry "ARM"]
[SourceTitle "CBM 072 Extra"]
[Source "ChessBase"]
[SourceDate "1999.11.18"]
[SourceVersion "1"]
[SourceVersionDate "1999.11.18"]
[SourceQuality "1"]

1. e4 c5 2. Nf3 e6 3. d4 cxd4 4. Nxd4 a6 5. Nc3 Qc7 6. Bd3 Nc6 7. Nxc6 dxc6 8. 0-0 Nf6 9. Kh1 Bc5 10. f4 e5 11. f5 b5 12. Qf3 h5 13. Nd1 Bb7 14. a4 0-0-0 15. b4 Bxb4 16. Be3 Ba5 17. Nf2 Bc3 18. Rab1 Bd4 19. axb5 axb5 20. c4 Ng4 21. Nxg4 hxg4 22. Qg3 Qd6 23. cxb5 Bxe3 24. bxc6 Bf4 25. cxb7+ Kb8 26. Qe1 Rxh2+ 27. Kg1 Qd4+ 0-1

[Event "Wch U20"]
[Site "Yerevan"]
[Date "1999.09.21"]
[Round "4"]
[White "Leskiewicz, Maksymilian"]
[Black "Hansen, Torbjorn Ringdal"]
[Result "1/2-1/2"]
[WhiteElo "2206"]
[BlackElo "2259"]
[PlyCount "22"]
[EventDate "1999.09.18"]
[EventType "swiss"]
[EventRounds "13"]
[EventCountry "ARM"]
[SourceTitle "CBM 072 Extra"]
[Source "ChessBase"]
[SourceDate "1999.11.18"]
[SourceVersion "1"]
[SourceVersionDate "1999.11.18"]
[SourceQuality "1"]

1. d4 Nf6 2. c4 e6 3. Nf3 Bb4+ 4. Bd2 Qe7 5. g3 0-0 6. Bg2 Bxd2+ 7. Nbxd2 d6 8. e4 e5 9. d5 a5 10. 0-0 Bg4 11. Qc2 Bxf3 1/2-1/2

[Event "MK Cafe Cup-B"]
[Site "Koszalin"]
[Date "1999.08.05"]
[Round "3"]
[White "Gleizerov, Evgeny"]
[Black "Leskiewicz, Maksymilian"]
[Result "1-0"]
[WhiteElo "2520"]
[BlackElo "2206"]
[PlyCount "81"]
[EventDate "1999.08.03"]
[EventType "swiss"]
[EventRounds "10"]
[EventCountry "POL"]
[SourceTitle "EXT 2000"]
[Source "ChessBase"]
[SourceDate "1999.11.16"]
[SourceVersion "1"]
[SourceVersionDate "1999.11.16"]
[SourceQuality "1"]

1. d4 d5 2. c4 c6 3. Nf3 e6 4. g3 f5 5. Bg2 Nf6 6. 0-0 Be7 7. b3 Nbd7 8. Ba3 Bxa3 9. Nxa3 Qe7 10. Nc2 0-0 11. e3 Ne4 12. Nce1 b5 13. c5 b4 14. Nd3 Ba6 15. a3 Bxd3 16. Qxd3 a5 17. Ne1 e5 18. Nc2 bxa3 19. Rxa3 exd4 20. exd4 f4 21. f3 Ndxc5 22. dxc5 Qxc5+ 23. Qd4 Qxc2 24. fxe4 f3 25. Bh3 dxe4 26. Ra4 Rfe8 27. Rc4 Qe2 28. Rxc6 Rad8 29. Rd6 Rxd6 30. Qxd6 Qe3+ 31. Kh1 Qxb3 32. Qc6 Qf7 33. Bd7 Qa2 34. Rg1 Re7 35. Qc8+ Kf7 36. Bb5 Kf6 37. Bc4 Qa3 38. Qc6+ Kf5 39. Rb1 f2 40. Rb5+ Kg4 41. Be2+ 1-0

[Event "MK Cafe Cup-B"]
[Site "Koszalin"]
[Date "1999.08.03"]
[Round "1"]
[White "Neverov, Valeriy"]
[Black "Leskiewicz, Maksymilian"]
[Result "1-0"]
[WhiteElo "2549"]
[BlackElo "2206"]
[PlyCount "80"]
[EventDate "1999.08.03"]
[EventType "swiss"]
[EventRounds "10"]
[EventCountry "POL"]
[SourceTitle "EXT 2000"]
[Source "ChessBase"]
[SourceDate "1999.11.16"]
[SourceVersion "1"]
[SourceVersionDate "1999.11.16"]
[SourceQuality "1"]

1. d4 Nf6 2. Nf3 g6 3. c4 Bg7 4. g3 0-0 5. Bg2 d6 6. 0-0 Nbd7 7. Qc2 c6 8. Nc3 e5 9. Rd1 Qe7 10. e4 a5 11. b3 exd4 12. Nxd4 Nc5 13. Ba3 Re8 14. Re1 Nd5 15. Nxc6 bxc6 16. cxd5 Qe5 17. Rac1 Ba6 18. Red1 cxd5 19. Nxd5 Rac8 20. Nb6 Nd3 21. Nxc8 Nxc1 22. Nxd6 Ne2+ 23. Kh1 Nc3 24. Nxe8 Nxd1 25. Nxg7 Qa1 26. h3 Ne3+ 27. Qc1 Qxc1+ 28. Bxc1 Nxg2 29. Ne8 Ne1 30. Bd2 Nd3 31. Kg2 a4 32. bxa4 Nc5 33. Nf6+ Kg7 34. Bc3 Nxa4 35. Bd4 h6 36. f4 Kf8 37. g4 Bb7 38. Kf3 Ke7 39. Ng8+ Ke6 40. Nxh6 f5 1-0

[Event "EtVas Vantaa IM"]
[Site "Myyrmanni"]
[Date "1999.07.25"]
[Round "6"]
[White "Veingold, Aleksandr"]
[Black "Leskiewicz, Maksymilian"]
[Result "1-0"]
[WhiteElo "2460"]
[BlackElo "2206"]
[PlyCount "59"]
[EventDate "1999.07.20"]
[EventType "tourn"]
[EventRounds "9"]
[EventCountry "FIN"]
[EventCategory "3"]
[SourceTitle "CBM 071 Extra"]
[Source "ChessBase"]
[SourceDate "1999.09.14"]
[SourceVersion "1"]
[SourceVersionDate "1999.09.14"]
[SourceQuality "1"]

1. d4 Nf6 2. Nf3 g6 3. c4 Bg7 4. Nc3 0-0 5. e4 d6 6. Be2 e5 7. 0-0 Nc6 8. d5 Ne7 9. b4 a5 10. Ba3 axb4 11. Bxb4 Nd7 12. a4 Bh6 13. Qb3 Kh8 14. a5 f5 15. Bd3 Nf6 16. c5 fxe4 17. cxd6 cxd6 18. Nxe4 Nxe4 19. Bxe4 Bf5 20. Rfe1 Ng8 21. Nd2 Nf6 22. Bxf5 gxf5 23. Nc4 Ra6 24. Rad1 Bf4 25. g3 Rg8 26. Kf1 Bh6 27. Qf3 Qd7 28. Bxd6 e4 29. Qb3 Rc8 30. Nb6 1-0

[Event "EtVas Vantaa IM"]
[Site "Myyrmanni"]
[Date "1999.07.23"]
[Round "4"]
[White "Paasikangas Tella, Johanna"]
[Black "Leskiewicz, Maksymilian"]
[Result "0-1"]
[WhiteElo "2249"]
[BlackElo "2206"]
[PlyCount "86"]
[EventDate "1999.07.20"]
[EventType "tourn"]
[EventRounds "9"]
[EventCountry "FIN"]
[EventCategory "3"]
[SourceTitle "CBM 071 Extra"]
[Source "ChessBase"]
[SourceDate "1999.09.14"]
[SourceVersion "1"]
[SourceVersionDate "1999.09.14"]
[SourceQuality "1"]

1. d4 Nf6 2. Bg5 Ne4 3. h4 c5 4. d5 Qb6 5. Nd2 Nxg5 6. hxg5 Qxb2 7. e4 g6 8. Bc4 Bg7 9. Rb1 Qe5 10. Ngf3 Qc7 11. Qe2 d6 12. Qe3 Nd7 13. Nb3 a6 14. Kf1 Rb8 15. g3 b5 16. Be2 0-0 17. Kg2 Re8 18. Rh4 e6 19. dxe6 Rxe6 20. Rbh1 Nf8 21. c4 Bd7 22. Nfd2 Bc6 23. Qd3 Qe7 24. Kg1 bxc4 25. Nxc4 Bxe4 26. Rxe4 Rxe4 27. Bf1 Rd8 28. Nb6 d5 29. Nxd5 Qe5 30. Bg2 Re1+ 31. Kh2 Rxh1+ 32. Bxh1 Ne6 33. f4 Qd6 34. Na5 Qd7 35. Nc4 Nd4 36. Ncb6 Qb5 37. Qe3 Re8 38. Ne7+ Kf8 39. Nbd5 Qe2+ 40. Qxe2 Nxe2 41. Bf3 Nd4 42. Kg2 Nxf3 43. Kxf3 Rxe7 0-1

[Event "EtVas Vantaa IM"]
[Site "Myyrmanni"]
[Date "1999.07.21"]
[Round "2"]
[White "Holmsten, Aleksei"]
[Black "Leskiewicz, Maksymilian"]
[Result "0-1"]
[WhiteElo "2380"]
[BlackElo "2206"]
[PlyCount "80"]
[EventDate "1999.07.20"]
[EventType "tourn"]
[EventRounds "9"]
[EventCountry "FIN"]
[EventCategory "3"]
[SourceTitle "CBM 071 Extra"]
[Source "ChessBase"]
[SourceDate "1999.09.14"]
[SourceVersion "1"]
[SourceVersionDate "1999.09.14"]
[SourceQuality "1"]

1. e4 c5 2. Nf3 d6 3. d4 cxd4 4. Nxd4 Nf6 5. Nc3 a6 6. f4 Qc7 7. Be2 e5 8. Nf5 Bxf5 9. exf5 Nc6 10. 0-0 0-0-0 11. Kh1 d5 12. fxe5 Nxe5 13. Bf4 d4 14. Na4 Nd5 15. Qxd4 Nxf4 16. Qxf4 Bd6 17. c4 Nc6 18. Qh4 g5 19. Qh5 Nd4 20. Nc3 Rde8 21. Nd5 Qd8 22. Bd3 f6 23. b4 Be5 24. a4 Kb8 25. a5 Rhg8 26. Rab1 g4 27. b5 Rg5 28. Qh4 axb5 29. a6 Reg8 30. a7+ Kxa7 31. Qf2 Rh5 32. g3 Kb8 33. Be4 Qd6 34. Kg2 Nf3 35. Rh1 Bd4 36. Qa2 Qe5 37. Rxb5 Nh4+ 38. Kf1 Qxe4 39. Qa6 Qf3+ 40. Ke1 Re8+ 0-1

[Event "Budapest FS04 IM-B"]
[Site "Budapest"]
[Date "1999.04.10"]
[Round "8"]
[White "Leskiewicz, Maksymilian"]
[Black "Serrer, Christoph"]
[Result "0-1"]
[WhiteElo "2223"]
[BlackElo "2285"]
[PlyCount "154"]
[EventDate "1999.04.03"]
[EventType "tourn"]
[EventRounds "11"]
[EventCountry "HUN"]
[EventCategory "2"]
[SourceTitle "CBM 069 Extra"]
[Source "ChessBase"]
[SourceDate "1999.05.10"]
[SourceVersion "1"]
[SourceVersionDate "1999.05.10"]
[SourceQuality "1"]

1. d4 d5 2. c4 c6 3. Nf3 Nf6 4. Nc3 dxc4 5. a4 Bf5 6. e3 e6 7. Bxc4 Bb4 8. 0-0 Nbd7 9. Qe2 Bg6 10. e4 Bxc3 11. bxc3 Nxe4 12. Ba3 Qc7 13. Rfc1 0-0-0 14. a5 Kb8 15. Qb2 Ka8 16. Bd3 Nd6 17. Be2 Rhe8 18. c4 c5 19. Ra2 f6 20. a6 b6 21. dxc5 Nxc5 22. Nd4 e5 23. Nb5 Qc6 24. Qb4 Bd3 25. Rd1 Bxe2 26. Rxd6 Rxd6 27. Nxd6 Qxd6 28. Rxe2 Rd8 29. Re1 Qd1 30. h3 Qb3 31. Qxb3 Nxb3 32. Be7 Rd7 33. Bb4 Nd4 34. f4 Nc2 35. Rb1 Nxb4 36. Rxb4 exf4 37. Kf2 Rd4 38. Rb2 Kb8 39. Re2 Kc7 40. Re7+ Rd7 41. Re8 Kd6 42. Kf3 Rc7 43. Rd8+ Ke7 44. Rg8 g6 45. h4 Ke6 46. Rb8 Rxc4 47. Rb7 Ra4 48. Rxa7 Kf5 49. h5 Ra3+ 50. Kf2 g5 51. Rxh7 Rxa6 52. Rg7 Ra1 53. h6 Rh1 54. h7 b5 55. Rb7 Kg6 56. Rxb5 Rxh7 57. Kf3 Re7 58. Rb4 Re3+ 59. Kf2 Kf5 60. Rb5+ Re5 61. Rb4 Ra5 62. Rb2 Kg4 63. Rc2 Ra3 64. Rb2 f5 65. Rc2 f3 66. gxf3+ Rxf3+ 67. Kg2 Ra3 68. Rb2 f4 69. Rc2 Rg3+ 70. Kf2 Rh3 71. Kg2 f3+ 72. Kg1 Rh8 73. Rb2 Re8 74. Rb5 Kf4 75. Ra5 g4 76. Kf1 Kg3 77. Ra1 Rh8 0-1

[Event "Budapest FS04 IM-B"]
[Site "Budapest"]
[Date "1999.04.09"]
[Round "7"]
[White "Schneider, Attila"]
[Black "Leskiewicz, Maksymilian"]
[Result "1-0"]
[WhiteElo "2374"]
[BlackElo "2223"]
[PlyCount "61"]
[EventDate "1999.04.03"]
[EventType "tourn"]
[EventRounds "11"]
[EventCountry "HUN"]
[EventCategory "2"]
[SourceTitle "CBM 069 Extra"]
[Source "ChessBase"]
[SourceDate "1999.05.10"]
[SourceVersion "1"]
[SourceVersionDate "1999.05.10"]
[SourceQuality "1"]

1. d4 Nf6 2. c4 g6 3. Nc3 Bg7 4. e4 d6 5. f3 0-0 6. Be3 Nbd7 7. Bd3 c5 8. Nge2 cxd4 9. Nxd4 Ne5 10. Be2 e6 11. 0-0 d5 12. cxd5 exd5 13. exd5 Nxd5 14. Nxd5 Qxd5 15. Nb5 Be6 16. Nc7 Qxd1 17. Rfxd1 Bc4 18. Bxc4 Nxc4 19. Bc5 Rfc8 20. Nxa8 Bxb2 21. Rab1 Rxc5 22. Rd8+ Kg7 23. Rd7 Ra5 24. Rxb7 Rxa2 25. Nc7 a5 26. h4 a4 27. Ne6+ Kf6 28. Ng5 Bd4+ 29. Kh1 Nd6 30. Rd7 Nf5 31. f4 1-0

[Event "Bled op 20th"]
[Site "Bled"]
[Date "1999.03.27"]
[Round "8"]
[White "Kecic, Stevan"]
[Black "Leskiewicz, Maksymilian"]
[Result "1-0"]
[WhiteElo "2240"]
[BlackElo "2223"]
[PlyCount "91"]
[EventDate "1999.03.20"]
[EventType "swiss"]
[EventRounds "9"]
[EventCountry "SLO"]
[SourceTitle "CBM 069 Extra"]
[Source "ChessBase"]
[SourceDate "1999.05.10"]
[SourceVersion "1"]
[SourceVersionDate "1999.05.10"]
[SourceQuality "1"]

1. e4 c5 2. Nf3 d6 3. c3 Nf6 4. Be2 Nbd7 5. Qa4 Qc7 6. 0-0 g6 7. Re1 Bg7 8. Bf1 0-0 9. d4 cxd4 10. cxd4 Nxe4 11. Na3 d5 12. Nb5 Qb8 13. Qc2 Ndf6 14. Nc7 Bf5 15. Nxa8 Rc8 16. Qa4 Qxa8 17. Be3 Qb8 18. Rac1 Rd8 19. Ne5 Ne8 20. f3 N4d6 21. Bf4 Nc7 22. Qa5 Ne6 23. Be3 f6 24. Ng4 Bxg4 25. fxg4 Ne4 26. Bd3 f5 27. gxf5 gxf5 28. Bxe4 fxe4 29. Qb4 Nf4 30. Qxe7 Ng6 31. Qc7 Nf8 32. Qxb8 Rxb8 33. Rc5 Rd8 34. Rec1 Ne6 35. Rc8 Rxc8 36. Rxc8+ Kf7 37. Rb8 Bxd4 38. Rxb7+ Kf6 39. Bxd4+ Nxd4 40. Kf2 Nc2 41. Rc7 Nb4 42. Ke3 Ke5 43. Re7+ Kd6 44. Rxa7 d4+ 45. Kxe4 d3 46. Ke3 1-0

[Event "Bled op 20th"]
[Site "Bled"]
[Date "1999.03.24"]
[Round "5"]
[White "Leskiewicz, Maksymilian"]
[Black "Kolar, Srecko"]
[Result "0-1"]
[WhiteElo "2223"]
[BlackElo "2175"]
[PlyCount "100"]
[EventDate "1999.03.20"]
[EventType "swiss"]
[EventRounds "9"]
[EventCountry "SLO"]
[SourceTitle "CBM 069 Extra"]
[Source "ChessBase"]
[SourceDate "1999.05.10"]
[SourceVersion "1"]
[SourceVersionDate "1999.05.10"]
[SourceQuality "1"]

1. d4 Nf6 2. c4 b6 3. f3 d5 4. cxd5 Nxd5 5. e4 Nf6 6. Be3 Bb7 7. Nc3 e6 8. Bc4 Be7 9. Nge2 0-0 10. 0-0 Nbd7 11. Qb3 c6 12. a4 Re8 13. Rad1 Qc8 14. f4 Ba6 15. h3 Bf8 16. Ng3 Bxc4 17. Qxc4 a6 18. Qe2 c5 19. e5 Nd5 20. Nxd5 exd5 21. dxc5 Nxc5 22. Rxd5 Nxa4 23. Ne4 Qc6 24. Rfd1 Nc5 25. Qc2 Qg6 26. f5 Qh5 27. Ng3 Qh4 28. Bf2 Rac8 29. R1d4 Qh6 30. Rg4 Nd7 31. Qe2 Qc1+ 32. Kh2 Nf6 33. Be3 Nxg4+ 34. hxg4 Qc4 35. Qf3 Bc5 36. Rd7 Bxe3 37. Qxe3 Qxg4 38. e6 Qh4+ 39. Kg1 fxe6 40. fxe6 Qf6 41. e7 Qxb2 42. Qe6+ Kh8 43. Nf5 Qc1+ 44. Kh2 Qf4+ 45. Kh3 Rc1 46. Ng3 Rc3 47. Qg4 Qh6+ 48. Qh4 Re3 49. Qxh6 gxh6 50. Kh4 R8xe7 0-1

[Event "Bled op 20th"]
[Site "Bled"]
[Date "1999.03.21"]
[Round "2"]
[White "Jelen, Igor"]
[Black "Leskiewicz, Maksymilian"]
[Result "1-0"]
[WhiteElo "2389"]
[BlackElo "2223"]
[PlyCount "49"]
[EventDate "1999.03.20"]
[EventType "swiss"]
[EventRounds "9"]
[EventCountry "SLO"]
[SourceTitle "CBM 069 Extra"]
[Source "ChessBase"]
[SourceDate "1999.05.10"]
[SourceVersion "1"]
[SourceVersionDate "1999.05.10"]
[SourceQuality "1"]

1. d4 Nf6 2. c4 g6 3. Nc3 Bg7 4. e4 d6 5. Nf3 0-0 6. Be2 e5 7. 0-0 Qe8 8. dxe5 dxe5 9. Be3 Na6 10. h3 b6 11. a3 c6 12. b4 Qe7 13. c5 Rd8 14. Qa4 b5 15. Qa5 Nh5 16. a4 Rd4 17. axb5 f5 18. bxa6 fxe4 19. Bg5 Bf6 20. Bxf6 Qxf6 21. Nxd4 Nf4 22. Nxe4 Qh4 23. Qa2+ Kh8 24. Nf3 Qh6 25. Neg5 1-0

[Event "Australian op"]
[Site "Suncoast"]
[Date "1999.01.05"]
[Round "4"]
[White "Leskiewicz, Maksymilian"]
[Black "Gibbons, Robert"]
[Result "1-0"]
[WhiteElo "2210"]
[BlackElo "2200"]
[PlyCount "51"]
[EventDate "1999.01.??"]
[EventType "swiss"]
[EventRounds "11"]
[EventCountry "AUS"]
[SourceTitle "CBM 068 Extra"]
[Source "ChessBase"]
[SourceDate "1999.03.01"]
[SourceVersion "1"]
[SourceVersionDate "1999.03.01"]
[SourceQuality "1"]

1. d4 Nf6 2. c4 e5 3. dxe5 Ng4 4. Nf3 Bc5 5. e3 Nc6 6. Bd2 0-0 7. Bc3 Re8 8. Bd3 Qe7 9. h4 Ngxe5 10. Ng5 Nxd3+ 11. Qxd3 g6 12. Nd2 Nb4 13. Qe4 d5 14. cxd5 Bf5 15. Qxe7 Nd3+ 16. Ke2 Rxe7 17. g4 Nxf2 18. Kxf2 Bxg4 19. Nge4 Bxe3+ 20. Kxe3 f5 21. Kf4 fxe4 22. Kxg4 e3 23. Nf3 h5+ 24. Kg3 Re4 25. Ne5 Re8 26. Kf3 1-0